Central Library OPAC University of Rajshahi

The future of India : (Record no. 55917)

MARC details
000 -LEADER
fixed length control field 00854nam a2200229 a 4500
001 - CONTROL NUMBER
control field 55917
003 - CONTROL NUMBER IDENTIFIER
rucl marc code BD-RjUL
005 - DATE AND TIME OF LATEST TRANSACTION
control field 20211209080330.0
008 - FIXED-LENGTH DATA ELEMENTS--GENERAL INFORMATION
fixed length control field 161123s1944 enkb b 001 0 eng d
035 ## - SYSTEM CONTROL NUMBER
System control number (BD-RjUL)56041
040 ## - CATALOGING SOURCE
Original cataloging agency EQO
Transcribing agency EQO
Language of cataloging eng
Modifying agency BD-RjUL
041 ## - LANGUAGE CODE
Language code of text/sound track or separate title eng
082 ## - DEWEY DECIMAL CLASSIFICATION NUMBER
Edition number 23
Classification number 342.54
Author mark and year COF 1944
100 1# - MAIN ENTRY--PERSONAL NAME
Personal name Coupland, Reginald,
Dates associated with a name 1884-1952.
9 (RLIN) 166471
245 14 - TITLE STATEMENT
Title The future of India :
Remainder of title the third part of a report on the constitutional problem in India submitted to the Warden and Fellows of Nuffield College, Oxford /
Statement of responsibility, etc. by R. Coupland
260 ## - PUBLICATION, DISTRIBUTION, ETC. (IMPRINT)
Place of publication, distribution, etc. London :
Name of publisher, distributor, etc. Oxford University Press,
Date of publication, distribution, etc. 1944
300 ## - PHYSICAL DESCRIPTION
Pagination xiv, 207 p :
Illustrations maps, tables ;
Size 22 cm.
504 ## - BIBLIOGRAPHY, ETC. NOTE
Bibliography, etc Includes bibliographical notes and index.
650 ## - SUBJECT ADDED ENTRY--TOPICAL TERM
Topical term or geographic name as entry element Constitution
Geographic subdivision India
9 (RLIN) 168128
651 #0 - SUBJECT ADDED ENTRY--GEOGRAPHIC NAME
Geographic name India
General subdivision Politics and government
Chronological subdivision 1919-1947.
9 (RLIN) 125445
942 ## - ADDED ENTRY ELEMENTS (KOHA)
Source of classification or shelving scheme Dewey Decimal Classification
Koha item type Books
Holdings
Lost status Source of classification or shelving scheme Damaged status Not for loan Collection code Permanent Location Current Location Shelving location Date acquired Source of acquisition Cost, normal purchase price Total Checkouts Full call number Date last seen Copy number Koha item type
  Dewey Decimal Classification     Non-fiction Central Library, University of Rajshahi Central Library, University of Rajshahi   21/10/1963 Pak. Law House 20.00   342.54 COF 1944 23/11/2016 C-2 Books
  Dewey Decimal Classification   Not For Loan Non-fiction Central Library, University of Rajshahi Central Library, University of Rajshahi Reading Room 17/11/1956 Allies Book Co. 5.40   342.54 COF 1943 28/12/2016 C-1 Books